00479nam a2200133Ia 4500008004100000020001800041100002100059245006000080250001500140260002500155300001500180999001900195952013100214171211s9999 xx 000 0 und d a9780702063060 aStandring, Susan aGray's Anaomy The Anatomical Basis of Clinical Practice a41 Edition bElsevier, Ltd.c2016 a1562 pages c350895d350895 00102lcc40aSSLCbSSLCcSSLCd2017-12-11eLibrary Fundl0oQM 23.2 .G791 2016pSSLC1539r2017-12-11 00:00:00w2017-12-11yBK